00550nam a22001697a 450000500170000001000130001702000260003003500110005603700130006708200110008010000220009124500860011324600640019926000360026327000580029930000230035720210427145524.0 aUR-11103 c203.00a9789390579129 aU-9658 bDBAD/PUB a440.41 aمحمد حسين aا ر د و ميں شعر ی ا و ر لسا نی مبا حثcمحمد حسين  aUrdu mein Sheiri Aur Lisani Mabahis (Urdu)bby Mohd. Husain aN.Delhic2020 ءbApplied Books a1739/10,Patoudi House Darya Ganj,bN.Delhie110002l- a336 ص c22 Cm(Hb)